Sports in the Olympics by clue - Statistics

General Stats
  • This quiz has been taken 40 times
  • The average score is 8 of 13
Answer Stats
Hint Answer % Correct
KO, Punching, Dodging Boxing
88%
Max Whitlock, Vault, Uneven Bars Gymnastics
79%
Penalty Shootout, Foul, Red card Football
76%
Strokes, Tumbleturns, Doggypaddle Swimming
76%
Ollie, Heelflip, Kickflip Skateboarding
71%
Kumite, Kata, Kicking Karate
68%
Sprint, Usain Bolt, Track 100m
65%
Eventing, Show Jumping, Horses Equestrian
62%
Lineout, Conversion, Scrum Rugby Sevens
59%
Skeet, Trap, Discs Shooting
59%
Hop, Step, Jump Triple Jump
53%
Sidespin, Backspin, Bats Table Tennis
35%
Shortboard, Air Reverse, No Foot Grab Surfing
29%
No matching quizzes found
Score Distribution
Percent of People with Each Score
Percentile by Number Answered
Your Score History
You have not taken this quiz